1051 1151 1612 1554 1922 1622 1351 1446 1893 1581 1466 1289 1726 1600 1402 1478 1975 1944 1302 1474 1244 1689 1070 1565 1476 1136 1901 1666 1311 1466 1882 1166 1573 1443 1608 1098 1013 1446 1922 1047 1157 1339 1609 1685 1269 1634 1094 1007 1911 1542 1368 1370 1428 1465 1828 1748 1696 1043 1090 1226 1880 1512 1661 1641 1971 1090 1823 1720 1275 1600 1698 1087 1434 1700 1859 1885 1786 1712 1917 1018 1535 1225 1568 1607 1130 1946 1555 1223 1163 1513 1848 1761 1795 1080 1826 1598 1206 1717 1769 BCNSPRNW ULIB Ver.6.0+V

เปลี่ยนเป็นภาษาไทย

Change to English
 แสดงรายละเอียดบรรณานุกรม
  กลับหน้าหลัก

Brief Record : Get Marc (ISO 2709) : E-mail record : QR code < ปิดหน้าต่าง
LEADER : 00000nam 2200000uu 4500
001    13399108799
003     ULIB
008    110315s2544||||th 000 0 tha d
020    9746113488 (ล.1)
060 04 WY150^bม264ก 2544 ล.1
245 10 กรณีเลือกสรรการพยาบาลเพื่อการฟื้นฟูสภาพ หน่วยที่ 1- 5 =^bSelected casestudy on rehabilitation nursing /^cลั่นทม เศรษฐกร ... [และคนอื่นฯ]
246 31 Selected case study on rehabilitation nursing
250    พิมพ์ครั้งที่ 2
260    [นนทบุรี] :^bสาขาวิชาวิทยาศาสตร์สุขภาพมหาวิทยาลัยสุโขทัยธรรมาธิราช,^c2544
300    หน่วยที่ 1-5 = 388 หน้า :^bภาพประกอบ ;^c30 ซม.
500    "เอกสารการสอนชุดวิชา 51404 หน่วยที่ 1-5, 6-10, 11-15"--หน้าปกใน
591     2544 (พิมพ์ครั้งที่ 13)
650  7 การฟื้นฟูสมรรถภาพ^xการพยาบาล
700 0  ลั่นทม เศรษฐกร
710 2  มหาวิทยาลัยสุโขทัยธรรมาธิราช. ^bสาขาวิชาวิทยาศาสตร์สุขภาพ
945    ^p245^l0^i022706
945    ^p245^l0^i022705
945    ^p245^l0^i022704
945    ^p245^l0^i022703
945    ^p245^l0^i018930
995    เกษร
999 ^a ใช้งานได้ทุกระบบ
รายการนี้ยังไม่มีแท็ก
คุณยังไม่ได้ล็อกอิน คุณสามารถมีกิจกรรมร่วมกับเว็บไซต์ได้ แต่ต้องล็อกอินก่อน ::
  ล็อกอิน

รายการสื่อสารสนเทศ

ลำดับที่ ประเภท เลขเรียก/บาร์โค้ด สถานที่ สถานะ
- ไม่พบข้อมูล -

BibComment


ยังไม่เคยถูกคอมเมนท์

คอมเมนท์ทรัพยากรรายการนี้
  คอมเมนท์: กรณีเลือกสรรการพย..


 Copyright 2026. Bcnsprnw @Library